000 00392nam a2200157Ia 4500
008 230718s9999 xx 000 0 und d
041 _aeng
082 _a621.381
_bMEH
100 _aMehta V.K.
245 _aPrinciples Of Electronics
260 _c1995
_bS.Chand And Company Ltd.
300 _a488
365 _cRs.
_b80.00
700 _aMehta V.K.
906 _dB:20015-Sep-1995
_cETC
_b12
999 _c294104
_d294104